000
00241nam a2200097Ia 4500
001
683129
005
20250826161432.0
008
250824s9999 xx 000 0 und d
245
0
_a
CÜMLE KAPISI
_c
NAZAN BEKİROĞLU
260
_b
TİMAŞ YAYINLARI
999
_c
683129
_d
683129